| 000 | 00627 a2200181 4500 | ||
|---|---|---|---|
| 999 |
_c8029 _d8029 |
||
| 020 | _a9781446270622 | ||
| 050 | _aLB1507 UND 2014 | ||
| 100 |
_aCarroll, Mike _eeditor |
||
| 245 |
_aUnderstanding teaching and learning in primary education / _cMike Carroll & Margaret McCulloch |
||
| 264 |
_aLos Angeles : _bSage, _c2014. |
||
| 300 |
_a323p. : _bill. |
||
| 500 | _aIncludes bibliographical references and index | ||
| 650 | _aElementary school teaching -- Great Britain | ||
| 650 | _aEducation, Elementary -- Great Britain | ||
| 651 | _aGreat Britain | ||
| 700 |
_aMcCulloch, Margaret _eeditor |
||
| 942 |
_2lcc _cBK _h1507 _iUND _kLB |
||